Structural timber design to Eurocode 5 / (Record no. 353980)
[ view plain ]
| 000 -LEADER | |
|---|---|
| fixed length control field | 01369cam a22003494i 4500 |
| 001 - CONTROL NUMBER | |
| control field | 17654213 |
| 003 - CONTROL NUMBER IDENTIFIER | |
| control field | OSt |
| 005 - DATE AND TIME OF LATEST TRANSACTION | |
| control field | 20180116192423.0 |
| 008 - FIXED-LENGTH DATA ELEMENTS--GENERAL INFORMATION | |
| fixed length control field | 130311s2013 enka b 001 0 eng |
| 010 ## - LIBRARY OF CONGRESS CONTROL NUMBER | |
| LC control number | 2012051136 |
| 020 ## - INTERNATIONAL STANDARD BOOK NUMBER | |
| International Standard Book Number | 9780470675007 (pbk.) |
| 040 ## - CATALOGING SOURCE | |
| Original cataloging agency | DLC |
| Language of cataloging | eng |
| Transcribing agency | DLC |
| Description conventions | rda |
| Modifying agency | DLC |
| 042 ## - AUTHENTICATION CODE | |
| Authentication code | pcc |
| 043 ## - GEOGRAPHIC AREA CODE | |
| Geographic area code | e------ |
| 050 00 - LIBRARY OF CONGRESS CALL NUMBER | |
| Classification number | TA666 |
| Item number | .P66 2013 |
| 082 00 - DEWEY DECIMAL CLASSIFICATION NUMBER | |
| Classification number | 694.02184 |
| Edition number | 23 |
| 100 1# - MAIN ENTRY--PERSONAL NAME | |
| Personal name | Porteous, Jack. |
| 9 (RLIN) | 7647 |
| 245 10 - TITLE STATEMENT | |
| Title | Structural timber design to Eurocode 5 / |
| Statement of responsibility, etc. | Jack Porteous and Abdy Kermani. |
| 250 ## - EDITION STATEMENT | |
| Edition statement | 2nd edition. |
| 260 ## - PUBLICATION, DISTRIBUTION, ETC. | |
| Place of publication, distribution, etc. | London : |
| Name of publisher, distributor, etc. | John Wiley, |
| Date of publication, distribution, etc. | 2013 |
| 300 ## - PHYSICAL DESCRIPTION | |
| Extent | xiv, 624 pages : |
| Other physical details | illustrations ; |
| Dimensions | 25 cm. |
| 504 ## - BIBLIOGRAPHY, ETC. NOTE | |
| Bibliography, etc. note | Includes bibliographical references and index. |
| 650 #0 - SUBJECT ADDED ENTRY--TOPICAL TERM | |
| Topical term or geographic name entry element | Building, Wooden |
| General subdivision | Standards |
| Geographic subdivision | Europe. |
| 9 (RLIN) | 7648 |
| 650 #0 - SUBJECT ADDED ENTRY--TOPICAL TERM | |
| Topical term or geographic name entry element | Structural frames |
| General subdivision | Design and construction |
| -- | Standards |
| Geographic subdivision | Europe. |
| 9 (RLIN) | 7649 |
| 650 #0 - SUBJECT ADDED ENTRY--TOPICAL TERM | |
| Topical term or geographic name entry element | Timber |
| General subdivision | Standards |
| Form subdivision | Europe. |
| 9 (RLIN) | 7650 |
| 650 #0 - SUBJECT ADDED ENTRY--TOPICAL TERM | |
| Topical term or geographic name entry element | EN1995 Eurocode 5 (Standard) |
| 9 (RLIN) | 7651 |
| 700 1# - ADDED ENTRY--PERSONAL NAME | |
| Personal name | Kermani, Abdy. |
| 9 (RLIN) | 7652 |
| 776 08 - ADDITIONAL PHYSICAL FORM ENTRY | |
| Relationship information | Online version: |
| Main entry heading | Porteous, Jack. |
| Title | Structural timber design to Eurocode 5 |
| Edition | 2nd edition. |
| Place, publisher, and date of publication | Chichester, West Sussex, UK : John Wiley & Sons Inc., 2013 |
| International Standard Book Number | 9781118597262 |
| Record control number | (DLC) 2013010011 |
| 906 ## - LOCAL DATA ELEMENT F, LDF (RLIN) | |
| a | 7 |
| b | cbc |
| c | orignew |
| d | 1 |
| e | ecip |
| f | 20 |
| g | y-gencatlg |
| 942 ## - ADDED ENTRY ELEMENTS (KOHA) | |
| Source of classification or shelving scheme | |
| Koha item type | Book |
| Withdrawn status | Lost status | Source of classification or shelving scheme | Damaged status | Not for loan | Permanent Location | Current Location | Date acquired | Total Checkouts | Full call number | Barcode | Date last seen | Cost, replacement price | Price effective from | Koha item type |
|---|---|---|---|---|---|---|---|---|---|---|---|---|---|---|
| School of Art Design and Architecture (SADA) | School of Art Design and Architecture (SADA) | 07/14/2014 | 694.02184 POR 2013 | SADA0002347 | 01/05/2017 | 7175.49 | 01/05/2017 | Book |
